• 首页
  • 本馆介绍
  • 公告通知
  • 最新文献
  • 馆藏检索
  • 电子资源
  • 读者导购
  • 参考咨询
  • 我的图书馆
  • 登录
  • 详细信息显示
  • 放入我的书架
  • 预约/预借图书
  • 作者相关作品
  • 分类相关作品
  • 丛书相关作品
  • 出版社相关作品

书目信息

  • 表格格式
  • 工作单格式
  • 卡片格式
题名:
猫狗水墨画速成
    
 
作者: 李永平
分册:  
出版信息:   农村读物出版社  1996.03
页数: 41页
开本: 16开
丛书名:
单 册:
中图分类: J211.28
科图分类:
主题词: 绘画--技法(美术)
电子资源:
ISBN: 7-5048-2692-8
000 00529nam0 2200193 45
001 0308271048
005 20030827105647.3
010    @a7-5048-2692-8@dRMB7.00
100    @a20030827d1996 km y0chiy0120 ea
101    @achi
105    @a z 000yy
200 1  @a猫狗水墨画速成@Amao gou shui mo hua su cheng@f李永平@Fli yong ping
210    @c农村读物出版社@d1996.03
215    @a41页@c无图表@d16开
606 0  @a绘画@x技法(美术)
690    @aJ211.28@v3
701  0 @a李永平
801    @aCN@b@c20030827
905    @aBZT@dJ211.28@e69
    
    猫狗水墨画速成/李永平.-农村读物出版社,1996.03
    41页:无图表;16开
    
    
    ISBN 7-5048-2692-8:RMB7.00
    
●
相关链接 在五车中查询图书 在当当中查询图书 在豆瓣中查询图书


正题名:猫狗水墨画速成     索取号:J211.28/69         预约/预借

序号 登录号 条形码 馆藏地/架位号 状态 备注
1 98489   200056170   中心书库中库/ 中库016架B面2列1层34/ [索取号:J211.28/69] 在馆    
2 98490   200056009   中心书库中库/ 中库018架A面6列5层27/ [索取号:J211.28/69] 在馆    
3 98491   200056018   中心书库中库/ 中库016架B面2列1层33/ [索取号:J211.28/69] 在馆    
4 98492   200055992   中心书库中库/ 中库016架B面2列1层32/ [索取号:J211.28/69] 在馆    
山东省滨州职业学院图书馆 欢迎您!
大连网信软件有限公司© 版权所有